1345 1595 1646 1496 1613 1283 1318 1211 1297 1462 1101 1341 1089 1022 1351 1284 1398 1776 1547 1661 1501 1497 1197 1699 1555 1519 1326 1344 1830 1044 1317 1878 1208 1760 1925 1915 1365 1245 1120 1057 1105 1331 1437 1847 1042 1448 1220 1075 1980 1184 1256 1329 1511 1185 1518 1306 1819 1054 1313 1522 1791 1716 1296 1440 1626 1179 1724 1504 1083 1866 1932 1224 1810 1005 1179 1478 1498 1982 1985 1069 1046 1493 1758 1003 1687 1442 1040 1369 1946 1973 1903 1094 1645 1195 1498 1240 1513 1313 1732 BCNSPRNW ULIB Ver.6.0+V

เปลี่ยนเป็นภาษาไทย

Change to English
 แสดงรายละเอียดบรรณานุกรม
  กลับหน้าหลัก

Brief Record : Get Marc (ISO 2709) : E-mail record : QR code < ปิดหน้าต่าง
LEADER : 00000nam 2200000uu 4500
001    13399124012
003     ULIB
008    141223s2556||||th 000 0 tha d
020    ^a9786160409235
060 04 ^aWB537^bอ231
100 0  ^aชองฮยองกี
245 00 ^a77 โรครักษาได้ ด้วยแพทย์แผนโบราณ..(ชุดตำรายาล้ำค่าของหมอโฮจุน)./^cชองฮยองกี
260    ^aกรุงเทพฯ :^bอินสปายร์,^c2556.
300    ^a304 หน้า :^bภาพประกอบ ;^c21 ซม.
505 0  ^aการแพทย์แผนโบราณและการนวดไทย
650  4 ^aยารักษาโรค
650  4 ^aสมุนไพร^xการใช้รักษา
650  4 ^aการแพทย์แผนโบราณ
650  4 ^aการนวด
740 02 ^aการแพทย์แผนโบราณและการนวดไทย
945    ^p195^l0^i037665
945    ^p195^l0^i037666
945    ^p195^l0^i037667
999    ^aเกษร โพธิ์สุวรรณ
รายการนี้ยังไม่มีแท็ก
คุณยังไม่ได้ล็อกอิน คุณสามารถมีกิจกรรมร่วมกับเว็บไซต์ได้ แต่ต้องล็อกอินก่อน ::
  ล็อกอิน

รายการสื่อสารสนเทศ

ลำดับที่ ประเภท เลขเรียก/บาร์โค้ด สถานที่ สถานะ
1. วิทยาศาสตร์การแพทย์ และสุขภาพ
หนังสือสำรอง
สถานะ=หนังสือสำรอง
WB537 อ231 ฉ.1 
  Barcode: 037665
ห้องสมุดวิทยาเขตสวรรค์ประชารักษ์
►ส่วนจัดเก็บหนังสือเก่า สปร
บนชั้น
  ขอยืม
2. วิทยาศาสตร์การแพทย์ และสุขภาพ
วิทยาศาสตร์การแพทย์ และสุขภาพ
WB537 อ231 ฉ.2 
  Barcode: 037666
ห้องสมุดวิทยาเขตสวรรค์ประชารักษ์
►ส่วนจัดเก็บหนังสือเก่า สปร
บนชั้น
  ขอยืม
3. วิทยาศาสตร์การแพทย์ และสุขภาพ
วิทยาศาสตร์การแพทย์ และสุขภาพ
WB537 อ231 ฉ.3 
  Barcode: 037667
ห้องสมุดวิทยาเขตสวรรค์ประชารักษ์
►ส่วนจัดเก็บหนังสือเก่า สปร
บนชั้น
  ขอยืม

รายการใกล้เคียง
    ผู้แต่ง [ชองฮยองกี]

    หัวเรื่อง [ยารักษาโรค]
    หัวเรื่อง [การแพทย์แผนโบราณ]
    หัวเรื่อง [การนวด]

BibComment


ยังไม่เคยถูกคอมเมนท์

คอมเมนท์ทรัพยากรรายการนี้
  คอมเมนท์: 77 โรครักษาได้ ด..


 Copyright 2026. Bcnsprnw @Library